Octavio Paz. Vers la transparence (notice n° 2138517)
[ vue normale ]
| 000 -LEADER | |
|---|---|
| fixed length control field | 00821cam a2200133 4500500 |
| 005 - DATE AND TIME OF LATEST TRANSACTION | |
| control field | 20260405023323.0 |
| 041 ## - LANGUAGE CODE | |
| Language code of text/sound track or separate title | fre |
| 042 ## - AUTHENTICATION CODE | |
| Authentication code | dc |
| 100 10 - MAIN ENTRY--PERSONAL NAME | |
| Personal name | Giraud, Paul-Henri |
| Relator term | author |
| 245 00 - TITLE STATEMENT | |
| Title | Octavio Paz. Vers la transparence |
| 260 ## - PUBLICATION, DISTRIBUTION, ETC. | |
| Name of publisher, distributor, etc. | Presses Universitaires de France,<br/> |
| Date of publication, distribution, etc. | 2002.<br/> |
| 520 ## - SUMMARY, ETC. | |
| Summary, etc. | SOMMAIRE IntroductionChap I -- Vers une poétique du sacré: «L’arc et la lyre» 1956 et ses antécédentsChap II -- Imaginaire mexicain et mythe personnel: «D’aigle ou soleil» 1949-1950 à «Pierre de soleil» 1957Chap III -- Parole, éros, orient: vers une expérience poétique de l’Inde, 1962-1970Conclusion -- Annexes chronologie - liste des œuvres poétiques d’Octavio Paz |
| 856 41 - ELECTRONIC LOCATION AND ACCESS | |
| Uniform Resource Identifier | <a href="https://shs.cairn.info/octavio-paz-vers-la-transparence--9782130532095?lang=fr&redirect-ssocas=7080">https://shs.cairn.info/octavio-paz-vers-la-transparence--9782130532095?lang=fr&redirect-ssocas=7080</a> |
Pas d'exemplaire disponible.




Réseaux sociaux